Química Org nica / Francis A. Carey (Registro nro. 19357)
[ vista simple ]
| 000 -LÍDER | |
|---|---|
| fixed length control field | 00508nam a2200169 4500 |
| 008 - ELEMENTOS DE LONGITUD FIJA -- INFORMACIÓN GENERAL | |
| fixed length control field | 0 2006 0a 000 0Mex |
| 020 ## - NÚMERO INTERNACIONAL NORMALIZADO PARA LIBROS | |
| ISBN | 970-10-5610-8, 978-970-10-5610-3 |
| 050 ## - SIGNATURA TOPOGRAFICA DE LA BIBLIOTECA DEL CONGRESO (LC) | |
| Número de Clasificación | QD251.2 C3718 2006 |
| 082 ## - NUMERO DE CLASIFICACION DECIMAL DEWEY | |
| Número de Clasificación | 547 C273q |
| 100 ## - ASIENTO PRINCIPAL--NOMBRE PERSONAL | |
| Nombre personal | Carey, Francis A. |
| 245 ## - TÍTULO | |
| Título | Química Org nica / Francis A. Carey |
| 250 ## - MENCIÓN DE EDICIÓN | |
| Mención de edición | 6 |
| 260 ## - PUBLICACIÓN, DISTRIBUCIÓN, ETC. (PIE DE IMPRENTA) | |
| Lugar de publicación, distribución, etc. | México : Mcgraw-Hill |
| 300 ## - DESCRIPCIÓN FÍSICA | |
| Extensión | xxxv, 1246 p. / 27 cm. |
| 500 ## - NOTA GENERAL | |
| Nota general | Indice analitico A1-63 p. , GI-22 p., I. 1-29 p. |
| 650 ## - ASIENTO SECUNDARIO DE MATERIA - TERMINO TEMÁTICO | |
| Término temático o nombre geográfico como elemento de entrada | 1. QUIMICA ORGANICA |
| No. biblioteca | No. biblioteca | Número de clasificación | Código de barras/Número de adquisición | Número de copia | Tipo de material |
|---|---|---|---|---|---|
| ÁREA DE QUÍMICA | LUIS G. INCLAN | 547 C273q | 51666 | 7 | Libros |
| LUIS G. INCLAN | LUIS G. INCLAN | 547 C273q | 46955 | 1 | Libros |
| LUIS G. INCLAN | LUIS G. INCLAN | 547 C273q | 48544 | 2 | Libros |
| LUIS G. INCLAN | LUIS G. INCLAN | 547 C273q | 48739 | 3 | Libros |
| ÁREA DE QUÍMICA | LUIS G. INCLAN | 547 C273q | 51114 | 5 | Libros |
| ÁREA DE QUÍMICA | ÁREA DE QUÍMICA | 547 C273q | 51344 | 6 | Libros |
| ÁREA DE QUÍMICA | ÁREA DE QUÍMICA | 547 C273q | 51667 | 8 | Libros |
| ÁREA DE QUÍMICA | ÁREA DE QUÍMICA | 547 C273q | 51113 | 4 | Libros |
